Criminal law : (Record no. 150220)

MARC details
000 -LEADER
fixed length control field 00793nam a22002297a 4500
005 - DATE AND TIME OF LATEST TRANSACTION
control field 20180313115313.0
010 ## - LCCN (DPL NO)
LC control number B-663851
020 ## - INTERNATIONAL STANDARD BOOK NUMBER
International Standard Book Number 9789351434900
Terms of availability 995.00
035 ## - SYSTEM CONTROL NUMBER
System control number B-663851
037 ## - SOURCE OF ACQUISITION
Source of stock number/acquisition Bookwell
082 ## - DEWEY DECIMAL CLASSIFICATION NUMBER
Classification number 345.54
100 ## - MAIN ENTRY--PERSONAL NAME
Personal name Gaur, K.D.
245 ## - TITLE STATEMENT
Title Criminal law :
Remainder of title cases & materials /
Statement of responsibility, etc by K.D. Gaur
250 ## - EDITION STATEMENT
Edition statement 10th ed
260 ## - PUBLICATION, DISTRIBUTION, ETC. (IMPRINT)
Place of publication, distribution, etc Gurgaon
Name of publisher, distributor, etc LexisNexis
Date of publication, distribution, etc 2017
270 ## - ADDRESS
Address 14th Floor, Building No.10, Tower-B, DLF Cyber City, Phase-II
City Gurgaon
Postal code 122002
300 ## - PHYSICAL DESCRIPTION
Extent lxiv,1056p.
Dimensions 25cm(Hb)
500 ## - GENERAL NOTE
General note Includes index
760 ## - MAIN SERIES ENTRY
Edition 4th ed
942 ## - ADDED ENTRY ELEMENTS (KOHA)
Source of classification or shelving scheme Dewey Decimal Classification
Item type English Books
Call number suffix GAU
Classification part 345.54
Holdings
Withdrawn status Lost status Not for loan Collection code Home library Current library Date acquired Source of acquisition Cost, normal purchase price Full call number Barcode Copy number Cost, replacement price Koha item type
      Non-fiction Ashok Vihar Ashok Vihar 01/03/2018 Bookwell-BL-1032/25.2.17/443/15.2.17/1.3.17 995.00 345.54 GAU B-663851 1 995.00 English Books

© Delhi Public Library
Hit Counter
free hit counter